Rapid prototyping technology selection and applicaiton (Record no. 569379)

000 -LEADER
fixed length control field 00492nam a22001817a 4500
003 - CONTROL NUMBER IDENTIFIER
control field CEME
005 - DATE AND TIME OF LATEST TRANSACTION
control field 20210628202329.0
008 - FIXED-LENGTH DATA ELEMENTS--GENERAL INFORMATION
fixed length control field 210121b xxu||||| |||| 00| 0 eng d
020 ## - INTERNATIONAL STANDARD BOOK NUMBER
International Standard Book Number 0-8247-0261-1
040 ## - CATALOGING SOURCE
Transcribing agency .
082 ## - DEWEY DECIMAL CLASSIFICATION NUMBER
Classification number 620.0042 COO
100 ## - MAIN ENTRY--PERSONAL NAME
Personal name Cooper , Kenneth .G
9 (RLIN) 59376
245 ## - TITLE STATEMENT
Title Rapid prototyping technology selection and applicaiton
260 ## - PUBLICATION, DISTRIBUTION, ETC.
Place of publication, distribution, etc. NEW YORK
Name of publisher, distributor, etc. MARCEL DEKKER
Date of publication, distribution, etc. 2001
300 ## - PHYSICAL DESCRIPTION
Extent X,228P
650 ## - SUBJECT ADDED ENTRY--TOPICAL TERM
Topical term or geographic name entry element RAPID PROTOTYPING TECHNOLOGY
9 (RLIN) 59377
942 ## - ADDED ENTRY ELEMENTS (KOHA)
Koha item type Book
Source of classification or shelving scheme
Holdings
Withdrawn status Lost status Source of classification or shelving scheme Damaged status Not for loan Permanent Location Current Location Shelving location Date acquired Full call number Barcode Date last seen Price effective from Koha item type Public note
          College of Electrical & Mechanical Engineering (CEME) College of Electrical & Mechanical Engineering (CEME) General Stacks 07/18/2017 620.0042 COO CEME-41397 06/28/2021 06/28/2021 Book 4.1
© 2023 Central Library, National University of Sciences and Technology. All Rights Reserved.